000 00473nam a2200181Ia 4500
003 GCL
008 140319s9999 xx 000 0 ara d
040 _aGCL /
_cGCL
082 0 4 _a812.008
_bر م
100 1 _aرشاد رشدى
245 1 0 _aاتفرج ياسلام /
_cرشاد رشدى
300 _a142 ص
490 _a
650 0 4 _aالادب العربى
650 0 4 _aالعصر الحديث
650 0 4 _aالمسرحيات العربية
942 _2ddc
_cBK
999 _c46819
_d46819